Statistics for New York Jets Postseason Quarterbacks

Click here to take the quiz!

General Stats

  • This quiz has been taken 52 times
  • The average score is 5 of 7

Answer Stats

Number of GamesQuarterback% Correct
3Joe Namath
98%
6Mark Sanchez
98%
3Chad Pennington
77%
3Vinny Testaverde
70%
2Ken O'Brien
60%
4Richard Todd
44%
2Pat Ryan
9%

Score Distribution

Percentile by Number Answered

Percent of People with Each Score

Your Score History

You have not taken this quiz